Central Library OPAC University of Rajshahi

The Thematic Apperception Test, the Children's Apperception Test, and the Senior Apperception Technique in clinical use / (Record no. 30350)

MARC details
000 -LEADER
fixed length control field 01306cam a2200373 i 4500
001 - CONTROL NUMBER
control field 30350
003 - CONTROL NUMBER IDENTIFIER
rucl marc code BD-RjUL
005 - DATE AND TIME OF LATEST TRANSACTION
control field 20211209051542.0
008 - FIXED-LENGTH DATA ELEMENTS--GENERAL INFORMATION
fixed length control field 140409s1975 nyua b 001 0 eng
020 ## - INTERNATIONAL STANDARD BOOK NUMBER
International Standard Book Number 0808908650
035 ## - SYSTEM CONTROL NUMBER
System control number (BD-RjUL)30435
040 ## - CATALOGING SOURCE
Original cataloging agency DLC
Transcribing agency DLC
Modifying agency DLC
-- BD-RjUL
Language of cataloging eng
041 ## - LANGUAGE CODE
Language code of text/sound track or separate title eng
060 ## - NATIONAL LIBRARY OF MEDICINE CALL NUMBER
Classification number WM145 B435t
082 00 - DEWEY DECIMAL CLASSIFICATION NUMBER
Classification number 155.2844
Author mark and year BET 1975
100 1# - MAIN ENTRY--PERSONAL NAME
Personal name Bellak, Leopold,
Dates associated with a name 1916-
9 (RLIN) 92257
245 14 - TITLE STATEMENT
Title The Thematic Apperception Test, the Children's Apperception Test, and the Senior Apperception Technique in clinical use /
Statement of responsibility, etc. Leopold Bellak.
250 ## - EDITION STATEMENT
Edition statement 3d ed.
260 ## - PUBLICATION, DISTRIBUTION, ETC. (IMPRINT)
Place of publication, distribution, etc. New York :
Name of publisher, distributor, etc. Grune & Stratton,
Date of publication, distribution, etc. c1975.
300 ## - PHYSICAL DESCRIPTION
Pagination xvi, 320 p. :
Illustrations ill. ;
Size 26 cm.
500 ## - GENERAL NOTE
General note Cover title: The T.A.T., C.A.T., and S.A.T. in clinical use.
General note Includes index.
504 ## - BIBLIOGRAPHY, ETC. NOTE
Bibliography, etc Bibliography: p. 299-310.
650 #0 - SUBJECT ADDED ENTRY--TOPICAL TERM
Topical term or geographic name as entry element Thematic Apperception Test.
9 (RLIN) 92258
Topical term or geographic name as entry element Children's Apperception Test.
9 (RLIN) 92259
Topical term or geographic name as entry element Senior Apperception Technique.
9 (RLIN) 92260
Topical term or geographic name as entry element Mental disorders.
9 (RLIN) 92261
Topical term or geographic name as entry element Projective technics.
9 (RLIN) 92262
Topical term or geographic name as entry element Thematic apperception test
General subdivision In infancy and childhood.
9 (RLIN) 92263
942 ## - ADDED ENTRY ELEMENTS (KOHA)
Source of classification or shelving scheme Dewey Decimal Classification
Koha item type Books
Holdings
Lost status Source of classification or shelving scheme Damaged status Not for loan Permanent Location Current Location Shelving location Date acquired Source of acquisition Cost, normal purchase price Total Checkouts Full call number Date last seen Copy number Koha item type Collection code
  Dewey Decimal Classification     Central Library, University of Rajshahi Central Library, University of Rajshahi   24/12/1980 Heffer 8.25   155.2844 BET 1975 09/04/2014 C-2 Books  
  Dewey Decimal Classification     Central Library, University of Rajshahi Central Library, University of Rajshahi   24/12/1980 Heffer 8.25   155.2844 BET 1975 09/04/2014 C-3 Books  
  Dewey Decimal Classification     Central Library, University of Rajshahi Central Library, University of Rajshahi   24/12/1980 Heffers 8.25   155.2844 BET 1975 10/04/2014 C-5 Books Non-fiction
  Dewey Decimal Classification   Not For Loan Central Library, University of Rajshahi Central Library, University of Rajshahi   24/12/1980 Heffers 8.25   155.2844 BET 1975 10/04/2014 C-1 Books Non-fiction
  Dewey Decimal Classification     Central Library, University of Rajshahi Central Library, University of Rajshahi   24/12/1980 W. Heffers and Sons 8.25   155.2844 BET 1975 10/04/2014 C-4 Books Non-fiction